Cities in the US - Sudden Death - Statistics

General Stats
  • This quiz has been taken 96 times
  • The average score is 14 of 28
Answers on the Grid
Answers color-coded by a green-red scale on the quiz's grid according to % correct below.
Redding
Edmonton
Reno
Nashville
Brockville
Leesburg
Lubbock
Magherafelt
Charleston
Mount Isa City
Oshkosh
Thunder Bay
Washington
Sacramento
Wheeling
Luton
Raleigh
Sturgis
Sudbury
Cedar Rapids
San Antonio
Reynosa
Durban
Joplin
Gravesend
Boise
Stillwater
Whyalla
Philadelphia
East London
Branson
Augusta
Polokvane
Waco
Mankato
Ogden
Ensenada
Galway
San Diego
Toronto
Nuevo Laredo
Fort Lauderdale
Montréal
Carlsbad
Nogales
Truro
Québec
San Francisco
Nassau
Meridian
 
Answer Stats
Answer % Correct
Nashville
88%
Sacramento
81%
San Antonio
78%
Reno
77%
Washington
75%
Philadelphia
74%
Charleston
73%
Raleigh
68%
San Francisco
66%
San Diego
64%
Fort Lauderdale
63%
Boise
59%
Augusta
55%
Cedar Rapids
52%
Redding
45%
Waco
45%
Lubbock
41%
Branson
34%
Oshkosh
34%
Stillwater
33%
Ogden
29%
Wheeling
29%
Joplin
26%
Leesburg
23%
Carlsbad
22%
Sturgis
21%
Meridian
15%
Mankato
10%
No matching quizzes found
Score Distribution
Percent of People with Each Score
Percentile by Number Answered
Your Score History
You have not taken this quiz